000 01619cam a22003857a 4500
003 CHAP
005 20220329135836.0
008 971013s1995 r 00010 d
010 _a43126
011 _a44098
035 _a48236
040 _cCHAP
082 _a333.0972
_bI58 Sin.
110 _aInstituto Nacional de Estadística, Geografía e Informática. México
_959304
245 0 _aDatos por ejido y comunidad agraria
_b: Sinaloa
260 _aAguascalientes, Ags. :
_bINEGI,
_c1995
300 _a462 p.
500 _aElaborado con información del XI Censo General de Población y Vivienda, 1990 y VII Censo Agropecuario, 1991
590 _aBATCH-UPD
_b10
_c20130110
_lUCH01
_h2244
590 _aBATCH-UPD
_b10
_c20130410
_lUCH01
_h1538
590 _aBATCH-UPD
_b10
_c20130914
_lUCH01
_h1332
590 _aCONVERSION
_b10
_c20130109
_lUCH01
_h1324
650 1 4 _aEjidos
_xSinaloa.
_936029
650 1 4 _aPoblación
_xEstadísticas
_zSinaloa.
_989397
650 1 4 _aPoblación
_zSinaloa.
_989437
650 1 4 _aSinaloa
_xCondiciones rurales.
_9106532
650 1 4 _aVivienda rural
_xSinaloa.
_9120186
901 _aBK
942 _cLIBRO
949 _a333.0972 I58 Sin.
_bBC
_cINEGI
_d33724000533378
_eINEGI
_gI. c/e
_h88985
_i48236
_si
_t50.00
949 _a333.0972 I58 Sin.
_bBC
_cINEGI
_d33724000533436
_eINEGI
_fc.2
_h88986
_i48236
_mD
_si
_t50.00
949 _a333.0972 I58 Sin.
_bBC
_cINEGI
_d33724000533543
_eINEGI
_fc.3
_h90287
_i48236
_si
_t50.00
949 _a333.0972 I58 Sin.
_bBC
_cINEGI
_d33724000618971
_eINEGI
_fc.4
_h91091
_i48236
_si
_t50.00
949 _a333.0972 I58 Sin.
_bBC
_cINEGI
_d33724000632188
_eINEGI
_fc.5
_h91837
_i48236
_si
999 _c43126
_d43126